Chief value officer : (Record no. 227112)
[ view plain ]
| 000 -LEADER | |
|---|---|
| fixed length control field | 00856nam a22002177a 4500 |
| 005 - DATE AND TIME OF LATEST TRANSACTION | |
| control field | 20240429090719.0 |
| 008 - FIXED-LENGTH DATA ELEMENTS--GENERAL INFORMATION | |
| fixed length control field | 230330b ||||| |||| 00| 0 eng d |
| 020 ## - INTERNATIONAL STANDARD BOOK NUMBER | |
| International Standard Book Number | 9781138317147 |
| 040 ## - CATALOGING SOURCE | |
| Transcribing agency | AIMIT LIBRARY |
| 082 ## - DEWEY DECIMAL CLASSIFICATION NUMBER | |
| Edition number | 1 |
| Classification number | 374.22 |
| Item number | KINM |
| 100 ## - MAIN ENTRY--PERSONAL NAME | |
| Personal name | King, Mervyn. |
| 9 (RLIN) | 80314 |
| 245 ## - TITLE STATEMENT | |
| Title | Chief value officer : |
| Remainder of title | accountants can save the planet / |
| Statement of responsibility, etc. | By Mervyn King and Jill Atkins ; Foreword by Koushik Chatterjee. |
| 250 ## - EDITION STATEMENT | |
| Edition statement | 1st ed. |
| Remainder of edition statement | Special Indian Edition. |
| 260 ## - PUBLICATION, DISTRIBUTION, ETC. | |
| Place of publication, distribution, etc. | New York : |
| Name of publisher, distributor, etc. | Routledge ; |
| Date of publication, distribution, etc. | 2018. |
| 300 ## - PHYSICAL DESCRIPTION | |
| Extent | x,122p. ; |
| Other physical details | PB |
| Dimensions | 21 cm. |
| 650 ## - SUBJECT ADDED ENTRY--TOPICAL TERM | |
| Topical term or geographic name entry element | The evolution of the corporation directors duties and corporate goverance |
| 9 (RLIN) | 80315 |
| 650 ## - SUBJECT ADDED ENTRY--TOPICAL TERM | |
| Topical term or geographic name entry element | The dawning of a new era of corporate reporting |
| 9 (RLIN) | 80316 |
| 650 ## - SUBJECT ADDED ENTRY--TOPICAL TERM | |
| Topical term or geographic name entry element | Value creation and the chief value officer |
| 9 (RLIN) | 80317 |
| 700 ## - ADDED ENTRY--PERSONAL NAME | |
| Personal name | Atkins, Jill. |
| 9 (RLIN) | 80730 |
| 942 ## - ADDED ENTRY ELEMENTS (KOHA) | |
| Source of classification or shelving scheme | Dewey Decimal Classification |
| Koha item type | Book |
| Edition | 1st |
| Call number prefix | 374.22 KINM |
| Withdrawn status | Lost status | Source of classification or shelving scheme | Damaged status | Not for loan | Collection code | Home library | Current library | Date acquired | Source of acquisition | Cost, normal purchase price | Inventory number | Total Checkouts | Full call number | Barcode | Date last seen | Price effective from | Koha item type |
|---|---|---|---|---|---|---|---|---|---|---|---|---|---|---|---|---|---|
| Dewey Decimal Classification | MBA | St Aloysius Institute of Management & Information Technology | St Aloysius Institute of Management & Information Technology | 03/08/2023 | Biblios Book Point | 799.00 | Bill no:8250; Bill dt:2023-03-7 | 374.22 KINM | MBA14549 | 05/23/2026 | 03/30/2023 | Book |